000 00891nam a22002657a 4500
003 SISC
005 20170606162221.0
008 130925t xxu||||| |||| 00| 0 eng d
020 _a9780199129683
050 _aLB 2351.E54
_b.Al363 2012
100 _aAIDin, Kawther Saa'd.
_921542
245 _aEnglish b :
_bcourse companion /
_cKawther Saa'd Awad, Jeehan Abu-Awad, Tiia Tempakka and Kevin Morley
260 _aNew York :
_bOxford University Press,
_cc2012.
300 _ax, 413 p. :
_bill. col. ;
_c27 cm.
440 _aOxford IB diploma programme
500 _aIncludes Index.
651 _aCultural Diversity
_xCulture
_921543
651 _aTattooing
_xCustom & tradition
_921544
651 _aTradional Medicine
_xHealth
_921545
651 _aLinguistic Dominance
_xSocial relationships
_921546
942 _2lcc
_cBK
999 _c12048
_d12048